The Kinks UK Top 40 Hits - Statistics

General Stats
  • This quiz has been taken 300 times
  • The average score is 9 of 21
Answer Stats
Year Chart Pos. Answer % Correct
1970 #2 Lola
93%
1964 #1 You Really Got Me
89%
1967 #2 Waterloo Sunset
87%
1964 #2 All Day and All of the Night
79%
1966 #1 Sunny Afternoon
71%
1966 #4 Dedicated Follower of Fashion
56%
1970 #5 Apeman
51%
1970 #33 Victoria
50%
1968 #12 Days
44%
1983 #12 Come Dancing
43%
1966 #5 Dead End Street
39%
1965 #1 Tired of Waiting For You
36%
1967 #3 Autumn Almanac
33%
1965 #10 See My Friend
29%
1965 #9 Set Me Free
25%
1965 #8 Till The End Of The Day
25%
1969 #31 Plastic Man
15%
1972 #16 Supersonic Rocket Ship
15%
1968 #36 Wonderboy
15%
1965 #17 Everybody's Gonna Be Happy
12%
1997 #35 The Days EP
1%
No matching quizzes found
Score Distribution
Percent of People with Each Score
Percentile by Number Answered
Your Score History
You have not taken this quiz